书目信息 |
| 题名: |
颗粒流(PFC5.0)数值模拟技术及应用
|
|
| 作者: | 石崇 , 张强 , 王盛年 编著 | |
| 分册: | ||
| 出版信息: | 北京 中国建筑工业出版社 2018.07 |
|
| 页数: | 449页 | |
| 开本: | 26cm | |
| 丛书名: | ||
| 单 册: | ||
| 中图分类: | TQ172.6 | |
| 科图分类: | ||
| 主题词: | 颗粒分析--数值模拟--研究 | |
| 电子资源: | ||
| ISBN: | 978-7-112-22320-6 | |
| 000 | 01083nam0 2200253 450 | |
| 001 | 4853 | |
| 005 | 20181013140124.17 | |
| 010 | @a978-7-112-22320-6@dCNY78.00 | |
| 100 | @a20180913d2018 em y0chiy50 ea | |
| 101 | 0 | @achi |
| 102 | @aCN@b110000 | |
| 105 | @aa z 000yy | |
| 200 | 1 | @a颗粒流(PFC5.0)数值模拟技术及应用@9ke li liu(PFC5.0)shu zhi mo ni ji shu ji ying yong@f石崇,张强,王盛年编著 |
| 210 | @a北京@c中国建筑工业出版社@d2018.07 | |
| 215 | @a449页@c图@d26cm | |
| 330 | @a本书是作者总结多年对颗粒流数值模拟技术的研究,主要内容包括:PFC5.O的基本特点与界面操作;PFC5.O基本命令与模型构建技术;奔向颗粒流高级应用的桥梁:FISH语言;伺服机制及数值试验实现技术;接触模型与参数标定方法研究等。 | |
| 510 | 1 | @aNumerical simulation technology and application with particle flow code (PFC 5.0)@zeng |
| 606 | 0 | @a颗粒分析@x数值模拟@x研究 |
| 690 | @aTQ172.6@v5 | |
| 701 | 0 | @a石崇@9shi chong@f(1978-)@4编著 |
| 701 | 0 | @a张强@9zhang qiang@f(1986-)@4编著 |
| 701 | 0 | @a王盛年@9wang sheng nian@f(1987-)@4编著 |
| 801 | 0 | @aCN@b91MARC@c20180913 |
| 905 | @aMuseLib@dTQ172.6@e72 | |
| 颗粒流(PFC5.0)数值模拟技术及应用/石崇,张强,王盛年编著.-北京:中国建筑工业出版社,2018.07 |
| 449页:图;26cm |
| ISBN 978-7-112-22320-6:CNY78.00 |
| 本书是作者总结多年对颗粒流数值模拟技术的研究,主要内容包括:PFC5.O的基本特点与界面操作;PFC5.O基本命令与模型构建技术;奔向颗粒流高级应用的桥梁:FISH语言;伺服机制及数值试验实现技术;接触模型与参数标定方法研究等。 |
| ● |
| 相关链接 |
|
|
|
|
正题名:颗粒流(PFC5.0)数值模拟技术及应用
索取号:TQ172.6/72
 
预约/预借
| 序号 | 登录号 | 条形码 | 馆藏地/架位号 | 状态 | 备注 |
| 1 | 1126917 | 211269170 | 第二样本阅览室/ [索取号:TQ172.6/72] | 在馆 | |
| 2 | 1126918 | 211269189 | 第三借阅区/ [索取号:TQ172.6/72] | 在馆 | |
| 3 | 1126919 | 211269198 | 第三借阅区/ [索取号:TQ172.6/72] | 在馆 | |
| 4 | 1126920 | 211269205 | 第三借阅区/ [索取号:TQ172.6/72] | 在馆 | |
| 5 | 1126921 | 211269214 | 密集书库-数信学院/ [索取号:TQ172.6/72] | 在馆 |